Ako často a ako dlho nakupujú spotrebitelia v nákupných centrách v Bratislave? Prístup koncentrických zón
Spotrebiteľské správanie ovplyvňované špecifickými zmenami v v maloobchodnom sektore a v maloobchodných sieťach. Nakupovanie ako základný aspekt spotrebiteľského správania ovplyvnené rôznorodými psychologickými procesmi. Zhodnotenie nákupných preferencií spotrebiteľov v kontexte vzdialenosti ich byd...
Salvato in:
| Autore principale: | |
|---|---|
| Altri autori: | , |
| Natura: | Capitolo di libro |
| Lingua: | slovacco |
| Soggetti: | |
| Tags: |
Nessun Tag, puoi essere il primo ad aggiungerne!!
|
MARC
| LEADER | 00000naa$a2200000$$$4500 | ||
|---|---|---|---|
| 001 | 0258263 | ||
| 005 | 20190917121432.5 | ||
| 041 | 0 | |a slo | |
| 044 | |a CZ | ||
| 245 | 1 | 0 | |a Ako často a ako dlho nakupujú spotrebitelia v nákupných centrách v Bratislave? Prístup koncentrických zón |c František Križan, Petra Hencelová, Kristína Bilková |
| 520 | |a Spotrebiteľské správanie ovplyvňované špecifickými zmenami v v maloobchodnom sektore a v maloobchodných sieťach. Nakupovanie ako základný aspekt spotrebiteľského správania ovplyvnené rôznorodými psychologickými procesmi. Zhodnotenie nákupných preferencií spotrebiteľov v kontexte vzdialenosti ich bydliska od nákupných centier na území mesta Bratislava. Frekvencia nákupu podľa podielu spotrebiteľov v koncentrických zónach od najbližšieho nákupného centra v Bratislave v roku 2011. Čas nákupu za týždeň podľa podielu spotrebiteľov v koncentrických zónach od najbližšieho nákupného centra v Bratislave v roku 2011. | ||
| 610 | 2 | 0 | |a spotrebitelia |
| 610 | 2 | 0 | |a správanie spotrebiteľa |
| 610 | 2 | 0 | |a nákup |
| 610 | 2 | 0 | |a maloobchod |
| 610 | 2 | 0 | |a centrá nákupné |
| 610 | 2 | 0 | |a mestá |
| 610 | 2 | 0 | |a čas |
| 610 | 2 | 0 | |a prieskum |
| 610 | 2 | 0 | |a systémy informačné geografické |
| 610 | 2 | 0 | |a Slovensko |
| 100 | 1 | |a Križan, František | |
| 700 | 1 | |a Hencelová, Petra | |
| 700 | 1 | |a Bilková, Kristína | |